| 000 | 00536nam a2200157 i 4500 | ||
|---|---|---|---|
| 001 | 62024 | ||
| 003 | ES-MaACL | ||
| 005 | 20230906164608.0 | ||
| 007 | t| | ||
| 008 | 031117s1979 sp ||||1| spa d | ||
| 100 | 1 |
_aFanjul Sedeño, Juan Manuel. _948803 |
|
| 245 | 1 | 0 |
_aMemoria... al gobierno de S.M. en la apertura de los Tribunales 15 de septiembre de 1979 / _cpor Juan Manuel Fanjul Sedeño. |
| 260 |
_aMadrid : _bInstituto Editorial Reus, _c[1979] |
||
| 300 |
_a256 p., 16 h. pleg. ; _c24 cm. |
||
| 852 |
_aES-MaACL _jA-1017 _bR.99551 |
||
| 999 |
_c62024 _d62024 |
||